• 首页
  • 本馆介绍
  • 公告通知
  • 最新文献
  • 馆藏检索
  • 电子资源
  • 读者导购
  • 参考咨询
  • 我的图书馆
  • 登录
  • 详细信息显示
  • 放入我的书架
  • 预约/预借图书
  • 作者相关作品
  • 分类相关作品
  • 丛书相关作品
  • 出版社相关作品

书目信息

  • 表格格式
  • 工作单格式
  • 卡片格式
题名:
心自芬芳 不将不迎
    
 
作者: 六月鸢尾 著
分册:  
出版信息: 北京   北京联合出版公司  2015
页数: 219页
开本: 21cm
丛书名:
单 册:
中图分类: B825.5
科图分类:
主题词: 女性--修养--通俗读物
电子资源:
ISBN: 978-7-5502-6394-9
000 00979nam0 2200241 450
001 012001002948
005 20140926114740.0
010    @a978-7-5502-6394-9@b精装@dCNY36.00
100    @a20160109d2015 em y0chiy50 ea
101 0  @achi
102    @aCN@b110000
105    @ay z 000yy
106    @ar
200 1  @a心自芬芳 不将不迎@9xin zi fen fang bu jiang bu ying@e鲁豫给女人的24堂幸福课@f六月鸢尾著
210    @a北京@c北京联合出版公司@d2015
215    @a219页@d21cm
330    @a本书是一本女性励志书籍,作者以气质女人鲁豫为典范,讲述了成为幸福女人的必修课。女人的一生就是一场修炼,要做幸福女人,得先让内心强大。鲁豫用她的一言一行、一娉一笑,用她的失败与成功,用她的冷静与善良,向我们展示了一位完美女性所必需的素养。
517 1  @a鲁豫给女人的24堂幸福课@9lu yu gei nv ren de 24 tang xing fu ke
606 0  @a女性@x修养@j通俗读物
690    @aB825.5@v5
701  0 @a六月鸢尾@9liu yue yuan wei@4著
801  0 @aCN@b上海新华@c20180901
905    @b1161825-9@dB825.5@e1242@f5
    
    心自芬芳 不将不迎:鲁豫给女人的24堂幸福课/六月鸢尾著.-北京:北京联合出版公司,2015
    219页;21cm
    
    
    ISBN 978-7-5502-6394-9(精装):CNY36.00
    本书是一本女性励志书籍,作者以气质女人鲁豫为典范,讲述了成为幸福女人的必修课。女人的一生就是一场修炼,要做幸福女人,得先让内心强大。鲁豫用她的一言一行、一娉一笑,用她的失败与成功,用她的冷静与善良,向我们展示了一位完美女性所必需的素养。
●
相关链接 在E读中查询图书 在五车中查询图书 在当当中查询图书 在豆瓣中查询图书


正题名:心自芬芳 不将不迎     索取号:B825.5/1242         预约/预借

序号 登录号 条形码 馆藏地/架位号 状态 备注
1 1161825   211618258   第一样本阅览室/ [索取号:B825.5/1242] 在馆    
2 1161826   211618267   密集书库-文学院/ [索取号:B825.5/1242] 在馆    
3 1161827   211618276   第一借阅区/ [索取号:B825.5/1242] 在馆    
4 1161828   211618285   第一借阅区/ [索取号:B825.5/1242] 在馆    
5 1161829   211618294   第一借阅区/ [索取号:B825.5/1242] 在馆    
欢迎您!
大连网信软件有限公司© 版权所有